00410nam a22001817a 4500003000500000005001700005008004100022010001000063011001000073035001000083040000900093082001500102100002000117245002200137260003800159300002000197650001100217CHAP20220329135217.0971013s1936 r 00010 d a32661 a33633 a37749 cCHAP a678.5bN6200aNoble, Royce J. aLatex in industry aNew York :bThe Rubber Age,c1936 a384 p.b: ilus.14aLatex.